| 000 | 00445nam a2200133Ia 4500 | ||
|---|---|---|---|
| 008 | 220216s9999 xx 000 0 und d | ||
| 100 | _aTiong Gan Lian | ||
| 245 | 0 | _aEvaluation of adopting the controlled upward tapping system after panel BO-2 tapping | |
| 260 |
_bProceedings of the Rubber Research Institute of Malaysia, Rubber Growers Conference 1986 _c1986 |
||
| 300 | _a131-143 | ||
| 650 | _aCUT | ||
| 700 | _aKheng Chew O E | ||
| 942 | _cJS | ||
| 999 |
_c58890 _d58890 |
||